| 000 | 00975nam a2200325 a 4500 | ||
|---|---|---|---|
| 001 | vtls000189206 | ||
| 003 | NLI | ||
| 005 | 20210602111627.0 | ||
| 008 | 101125s1996 enkb 001 0 eng | ||
| 020 |
_a0333667913 : _cUSD 49.95 |
||
| 039 | 9 |
_y201011252244 _zVLOAD |
|
| 040 |
_aNLI _beng _cDatasoft 1 _eAACR2 |
||
| 041 | 0 | _aeng | |
| 044 | _aenk | ||
| 082 | 0 | 4 | _a321.40954 |
| 100 | 1 |
_aThomas, Raju G. C. _9231324 |
|
| 245 | 1 | 0 |
_aDemocracy, security and development in India / _cRaju G. C. Thomas |
| 260 |
_aHoundmills : _bMacmillan, _c1996 |
||
| 300 |
_aviii, 182 p. : _bmap ; _c22 cm. |
||
| 500 | _aIncludes index | ||
| 650 | 0 |
_aDemocracy _zIndia |
|
| 650 | 0 |
_aNational security _zIndia _9363 |
|
| 650 | 0 |
_aCivil-military relations _zIndia _9291914 |
|
| 651 | 0 |
_aIndia _xEconomic policy _98068 |
|
| 887 | _a | ||
| 901 |
_a529035 _b22.03.1997 |
||
| 902 | _aE 321.40954 T 366 | ||
| 942 |
_2ddc _cBKS |
||
| 949 |
_AVIRTUAITEM _D10000 _X100 _6PUR000529035ENG |
||
| 999 |
_aVIRTUA40 _c192597 _d192597 |
||